000 00622nam a22001817a 4500
005 20250617164649.0
008 230427s1962 ru ||||gr|||||||||0|rus|d
040 _aAM-YeHGA
041 0 _arus
100 1 _aЖодзишский, Г.А.
245 1 0 _aПромышленная электроника :
_bРуководство к лабораторным работам /
_cГ.А. Жодзишский
260 _aЛенинград :
_bб.и.,
_c1962.
300 _aчасть
505 1 0 _gЧ. 2 (1962, 145 с.)
650 1 4 _aПромышленная электроника
942 _2udc
_cBK
090 _c565564
999 _c527466
_d527466